Metalwork essentials (Record no. 548626)
[ view plain ]
| 000 -LEADER | |
|---|---|
| fixed length control field | 00608cam a2200169K 4500 |
| 082 04 - DEWEY DECIMAL CLASSIFICATION NUMBER | |
| Classification number | 671 |
| Author Mark | TUS |
| -- | L-17, P-70 |
| 100 1# - MAIN ENTRY--PERSONAL NAME | |
| Personal name | Tustison, Francis Elwood, |
| 9 (RLIN) | 45013 |
| 245 10 - TITLE STATEMENT | |
| Title | Metalwork essentials |
| Statement of responsibility, etc. | by F.E. Tustison and Ray F. Kranzusch. |
| 260 ## - PUBLICATION, DISTRIBUTION, ETC. | |
| Place of publication, distribution, etc. | New York, Chicago etc. |
| Name of publisher, distributor, etc. | Bruce Pub. Co., |
| Date of publication, distribution, etc. | 1936. |
| 300 ## - PHYSICAL DESCRIPTION | |
| Extent | 1 online resource (xii, p., 1 1., 176 p.) |
| Other physical details | illus., diagrs. |
| 526 ## - STUDY PROGRAM INFORMATION NOTE | |
| Program name | 0 |
| Interest level | 0 |
| Reading level | 0 |
| Title point value | 671_000000000000000_TUS |
| 650 #0 - SUBJECT ADDED ENTRY--TOPICAL TERM | |
| Topical term or geographic name entry element | MCE |
| 9 (RLIN) | 379 |
| 650 #0 - SUBJECT ADDED ENTRY--TOPICAL TERM | |
| Topical term or geographic name entry element | Metal-work. |
| 9 (RLIN) | 34700 |
| 700 1# - ADDED ENTRY--PERSONAL NAME | |
| Personal name | Kranzusch, Ray F. |
| 9 (RLIN) | 45014 |
| 856 40 - ELECTRONIC LOCATION AND ACCESS | |
| Uniform Resource Identifier | <a href="http://catalog.hathitrust.org/api/volumes/oclc/1615303.html">http://catalog.hathitrust.org/api/volumes/oclc/1615303.html</a> |
| 942 ## - ADDED ENTRY ELEMENTS (KOHA) | |
| Source of classification or shelving scheme | |
| Koha item type | Book |
| Withdrawn status | Lost status | Source of classification or shelving scheme | Damaged status | Not for loan | Permanent Location | Current Location | Date acquired | Total Checkouts | Full call number | Barcode | Date last seen | Price effective from | Koha item type |
|---|---|---|---|---|---|---|---|---|---|---|---|---|---|
| Military College of Engineering (MCE) | Military College of Engineering (MCE) | 09/03/2014 | 671 TUS | MCE-2500 | 07/16/2018 | 09/03/2014 | Book |
